| 000 | 00000nam 2200000zi 4500 |
| 001 | 9.940427 |
| 003 | CaOODSP |
| 005 | 20250107144100 |
| 006 | m o d f |
| 007 | cr mn||||||||| |
| 008 | 240710e20240911oncd obs f000 0 eng d |
| 020 | |a9780660727349 |
| 040 | |aCaOODSP|beng|erda|cCaOODSP |
| 043 | |an-cn--- |
| 086 | 1 |aCS75-006/2024-6E-PDF |
| 100 | 1 |aDrolet, Marie, |eauthor. |
| 245 | 10|aClosing the gap? Assessing the labour market outcomes of unpartnered mothers in Canada / |cby Marie Drolet and Karen Rauh. |
| 264 | 1|a[Ottawa] : |bStatistics Canada = Statistique Canada, |cSeptember 11, 2024. |
| 264 | 4|c©2024 |
| 300 | |a1 online resource (19 pages) : |bcolour graphs |
| 336 | |atext|btxt|2rdacontent |
| 337 | |acomputer|bc|2rdamedia |
| 338 | |aonline resource|bcr|2rdacarrier |
| 490 | 1 |aInsights on Canadian society, |v2291-0840 |
| 500 | |aIssued also in French under title: Vers un resserrement de l’écart? Évaluer les résultats sur le marché du travail des mères canadiennes ne vivant pas en couple. |
| 500 | |a"Catalogue no. 75-006-X." |
| 504 | |aIncludes bibliographical references (pages 17-19). |
| 650 | 0|aMothers|zCanada|vStatistics. |
| 650 | 0|aMothers|xEmployment|zCanada|vStatistics. |
| 650 | 0|aWages|xWomen|zCanada|vStatistics. |
| 655 | 7|aStatistics|2lcgft |
| 710 | 2 |aStatistics Canada, |eissuing body. |
| 775 | 08|tVers un resserrement de l’écart? Évaluer les résultats sur le marché du travail des mères canadiennes ne vivant pas en couple / |w(CaOODSP)9.940428 |
| 830 | #0|aInsights on Canadian society (Statistics Canada)|w(CaOODSP)9.507406 |
| 856 | 40|qPDF|s621 KB|uhttps://publications.gc.ca/collections/collection_2024/statcan/75-006-x/75-006-2024-6-eng.pdf |
| 856 | 4 |qHTML|sN/A|uhttps://www150.statcan.gc.ca/n1/pub/75-006-x/2024001/article/00006-eng.htm |